1246 1897 1458 1657 1936 1508 1619 1438 1163 1907 1190 1443 1315 1911 1559 1062 1391 1503 1478 1477 1545 1424 1850 1239 1988 1077 1610 1478 1455 1914 1907 1819 1935 1147 1483 1828 1610 1191 1113 1473 1576 1278 1071 1110 1146 1540 2000 1350 1682 1348 1122 1192 1426 1192 1815 1641 1216 1575 1677 1814 1709 1875 1713 1642 1723 1560 1165 1578 1136 1131 1436 1341 1693 1940 1601 1192 1107 1016 1292 1215 1649 1861 1528 1405 1210 1615 1309 1298 1872 1371 1992 1782 1631 1919 1457 1940 1910 1920 1239 BCNSPRNW ULIB Ver.6.0+V

เปลี่ยนเป็นภาษาไทย

Change to English
 แสดงรายละเอียดบรรณานุกรม
  กลับหน้าหลัก

Brief Record : Get Marc (ISO 2709) : E-mail record : QR code < ปิดหน้าต่าง
LEADER : 00000nam 2200000uu 4500
001    13399111849
003     ULIB
008    110627s2548||||th 000 0 tha d
060  4 WA525^bอ857ศ 2548
100 0  อมาวสี อัมพันศิริรัตน์
245 00 ศึกษาความต้องการการบริการสุขภาพระดับปฐมภูมิของชุมชนในเขตเทศบาลนครสงขลา/^cอมาวสี อัมพันศิริรัตน์และคณะ
260    สงขลา :^bวิทยาลัยพยาบาลบรมราชชนนี สงขลา,^c2548
300    87 หน้า
650  7 ความต้องการบริการ
650  7 บริการสุขภาพ
945    ^p0^l0^i019124
995    ทศพร
999 ^a ใช้งานได้ทุกระบบ
รายการนี้ยังไม่มีแท็ก
คุณยังไม่ได้ล็อกอิน คุณสามารถมีกิจกรรมร่วมกับเว็บไซต์ได้ แต่ต้องล็อกอินก่อน ::
  ล็อกอิน

รายการสื่อสารสนเทศ

ลำดับที่ ประเภท เลขเรียก/บาร์โค้ด สถานที่ สถานะ
- ไม่พบข้อมูล -

รายการใกล้เคียง
    ผู้แต่ง [อมาวสี อัมพันศิริรัตน์]

    หัวเรื่อง [บริการสุขภาพ]

BibComment


ยังไม่เคยถูกคอมเมนท์

คอมเมนท์ทรัพยากรรายการนี้
  คอมเมนท์: ศึกษาความต้องการก..


 Copyright 2026. Bcnsprnw @Library